000 00405nam a22001697a 4500
003 MPLRDC
005 20220104144149.0
008 210129b ||||| |||| 00| 0 eng d
082 _a868.7 YY
100 _a杨夷编译
245 _a吝啬者的报应
_c
260 _a
_b上海书局有限公司
_c1961
300 _b
490 _a马来民间故事精选
650 _a
942 _cBK
_o868.7 YY
999 _c46994
_d46984